| 000 | 00704nam a2200181Ia 4500 | ||
|---|---|---|---|
| 008 | 090630s9999 xx 000 0 und d | ||
| 082 | _b22734 | ||
| 100 | _aदेशपांडे सुभाष. | ||
| 245 |
_aरुप पालटू शिक्षणाचे. _cदेशपांडे सुभाष. |
||
| 260 | _bज्ञानप्रबोधिनी - पुणे. | ||
| 300 | _a60 | ||
| 600 | _aदेशपांडे सुभाष. | ||
| 630 | _aरुप पालटू शिक्षणाचे. | ||
| 655 | _aइतर. | ||
| 700 | _aदेशपांडे सुभाष. | ||
| 730 | _aरुप पालटू शिक्षणाचे. | ||
| 942 | _cBOOK | ||
| 999 |
_c274590 _d274590 |
||